| 000 | 00413nam a2200169Ia 4500 | ||
|---|---|---|---|
| 008 | 230524s9999 xx 000 0 und d | ||
| 020 | _a8173130533 | ||
| 082 |
_a681.76 _bDEV |
||
| 100 | _aKapil dev | ||
| 245 | 0 | _aWorkshop Calculation and science electrical | |
| 250 | _a1ST | ||
| 260 |
_aNEW DELHI _bAsian _c2005 |
||
| 300 | _aVIII;168 | ||
| 500 | _aQuantity Number: 5 | ||
| 650 | _aWorkshop | ||
| 942 | _cBK | ||
| 999 |
_c26497 _d26497 |
||